Statystyki dla Kraje Europy

Kliknij tutaj aby rozwiązać quiz!

Ogólne statystyki

  • Ten quiz został rozwiązany 83 razy
    (49 od ostatniego zresetowania)
  • Średni wynik to 37 z 45

Statystyki odpowiedzi

HintOdpowiedź% Poprawnych
32Polska
97%
38Slowacja
97%
14Francja
94%
23Litwa
94%
25Lotwa
94%
34Rosja
94%
10Czechy
91%
30Niemcy
91%
33Portugalia
91%
42Ukraina
91%
5Bialorus
89%
12Estonia
89%
41Szwecja
89%
4Belgia
86%
11Dania
86%
16Hiszpania
86%
18Irlandia
86%
39Slowenia
86%
46Wielka Brytania
86%
45Wlochy
86%
3Austria
83%
17Holandia
83%
40Szwajcaria
83%
44Wegry
83%
7Bulgaria
80%
13Finlandia
80%
15Grecja
80%
19Islandia
80%
31Norwegia
80%
35Rumunia
80%
1Albania
77%
24Luksemburg
77%
43Watykan
77%
2Andora
74%
6Bosnia i Hercegowina
74%
8Chorwacja
74%
9Czarnogora
74%
21Kosowo
74%
22Liechtenstein
71%
28Moldawia
71%
27Malta
69%
26Macedonia Polnocna
66%
29Monako
66%
36San Marino
66%
37Serbia
63%

Rozkład punktacji

Percentyl według liczby udzielonych odpowiedzi

Procent ludzi z każdym wynikiem

Twoja historia wyników

Nie rozwiązałeś tego quizu od ostatniego zresetowania